Statistiques concernant La vie d'Edward Munch

Cliquez ici pour prendre le quiz!

Statistiques générales

  • Ce quiz a été pris 6 fois
  • Le résultat moyen est 3 sur 9

Statistiques - réponses

HintRéponse% Correct
Tableau le plus connue, publié en 5 versionsLe Cri
100%
Profession principalePeintre
100%
NationalitéNorvégien
50%
Année de Décès1944
25%
Mouvement ArtistiqueExpressionnisme
25%
Année de Naissance1963
0%
Lieu de SépultureCimetière de Notre-Sauveur
0%
Tableau portant le nom d'un personnage chrétien, étant sa deuxième oeuvre le plus connue peinte entre 1894 et 1895La Madonne
0%
Quel tableau, représentant la mort révolutionnaire français, a-t-il peint en 1907 ?La mort de Marat
0%

Distribution des résultats

Percentile par nombre de réponses

% des personnes avec chaque résultat

Votre développement - résultats

Vous n’avez pas pris ce quiz